书目信息 |
| 题名: |
科学与生活教程
|
|
| 作者: | 杜慧蓉 主编 | |
| 分册: | ||
| 出版信息: | 长春 吉林人民出版社 2018 |
|
| 页数: | 121页 | |
| 开本: | 24cm | |
| 丛书名: | 中国好课程经典文库 | |
| 单 册: | ||
| 中图分类: | G634.83 | |
| 科图分类: | ||
| 主题词: | 中学化学课--初中--教学参考资料 | |
| 电子资源: | ||
| ISBN: | 978-7-206-15715-8 | |
| 000 | 00852oam2 2200253 450 | |
| 001 | 012001003462 | |
| 005 | 20131013112607.0 | |
| 010 | @a978-7-206-15715-8@dCNY45.00 | |
| 100 | @a20190406d2018 em y0chiy50 ea | |
| 101 | 0 | @achi |
| 102 | @aCN@b220000 | |
| 105 | @aa z 000yy | |
| 106 | @ar | |
| 200 | 1 | @a科学与生活教程@Ake xue yu sheng huo jiao cheng@f杜慧蓉主编 |
| 210 | @a长春@c吉林人民出版社@d2018 | |
| 215 | @a121页@c图@d24cm | |
| 225 | 1 | @a中国好课程经典文库 |
| 330 | @a本书分为空气、水、溶液、碳家族、燃烧、金属、酸碱盐、化学元素与健康8章,包括我们周围的空气、空气的成分、空气中的氧气和二氧化碳、水资源等内容。 | |
| 410 | 0 | @12001 @a中国好课程经典文库 |
| 606 | 0 | @a中学化学课@x初中@j教学参考资料 |
| 690 | @aG634.83@v5 | |
| 701 | 0 | @a杜慧蓉@Adu hui rong@4主编 |
| 801 | @b江苏凤凰@c20191020 | |
| 905 | @b1233002-7@dG634.83@e1533@f6 | |
| 科学与生活教程/杜慧蓉主编.-长春:吉林人民出版社,2018 |
| 121页:图;24cm.-(中国好课程经典文库) |
| ISBN 978-7-206-15715-8:CNY45.00 |
| 本书分为空气、水、溶液、碳家族、燃烧、金属、酸碱盐、化学元素与健康8章,包括我们周围的空气、空气的成分、空气中的氧气和二氧化碳、水资源等内容。 |
| ● |
| 相关链接 |
|
|
|
|
正题名:科学与生活教程
索取号:G634.83/1533
 
预约/预借
| 序号 | 登录号 | 条形码 | 馆藏地/架位号 | 状态 | 备注 |
| 1 | 1233002 | 212330020 | 第一样本阅览室/ [索取号:G634.83/1533] | 在馆 | |
| 2 | 1233003 | 212330039 | 教育系资料室/ [索取号:G634.83/1533] | 在馆 | |
| 3 | 1233004 | 212330048 | 教育系资料室/ [索取号:G634.83/1533] | 在馆 | |
| 4 | 1233005 | 212330057 | 教育系资料室/ [索取号:G634.83/1533] | 在馆 | |
| 5 | 1233006 | 212330066 | 第四借阅区/ [索取号:G634.83/1533] | 在馆 | |
| 6 | 1233007 | 212330075 | 第四借阅区/ [索取号:G634.83/1533] | 在馆 |